| 000 | 00886nam a2200277 i 4500 | ||
|---|---|---|---|
| 003 | DO-SdBNP | ||
| 005 | 20260422105318.0 | ||
| 007 | ta | ||
| 008 | 260422b1995 dr ||||| |||| 00| 0 spa d | ||
| 040 |
_aDO-SdBNP _bspa _cBNPHU _erda |
||
| 041 | _aspa | ||
| 082 | 4 |
_a342.729302 _bR426c _222 |
|
| 110 | 1 |
_aRepública Dominicana. _9447 |
|
| 240 | 1 | 3 | _aConstitución (1994) |
| 245 | 1 | 0 | _aConstitución de la República Dominicana 1994. |
| 264 | 1 |
_aSanto Domingo : _bDominicana de Impresos y Publicidad, _c1995. |
|
| 300 |
_a53 páginas ; _c20 cm. |
||
| 336 |
_atexto _btxt _2rdacontent |
||
| 337 |
_asin mediación _bn _2rdamedia |
||
| 338 |
_avolumen _bnc _2rdacarrier |
||
| 590 | _aInventariado, 2026/BT | ||
| 651 | 4 |
_aRepública Dominicana _xConstitución (1994{Rpara} _935348 |
|
| 651 | 4 |
_aRepública Dominicana _xDerecho constitucional _9449 |
|
| 910 | _aBtavárez | ||
| 942 |
_2ddc _cLF2 |
||
| 999 |
_c60599 _d60599 |
||